[Event "KasparovChess GP g/60"]
[Site "Internet"]
[Date "2000.02.11"]
[Round "1.2"]
[White "Van Wely, Loek"]
[Black "Sokolov, Ivan"]
[Result "1-0"]
[WhiteElo "2646"]
[BlackElo "2637"]
[PlyCount "57"]
[EventDate "2000.02.09"]
[Source "ChessBase"]
[SourceDate "2000.05.31"]

1. Nf3 d5 2. d4 Bf5 3. c4 e6 4. Nc3 Nc6 5. Bf4 Nf6 6. e3 Be7 7. a3 O-O 8. Rc1 a6 9. cxd5 exd5 10. Bd3 Bxd3 11. Qxd3 Nh5 12. Bg3 Nxg3 13. hxg3 g6 14. Ke2 Bf6 15. g4 Bg7 16. g5 f5 17. Rh4 Rf7 18. Rch1 Bh8 19. Kf1 Qd6 20. Ne2 Ne7 21. Nf4 c5 22. g3 Qb6 23. Kg2 Rc8 24. Rh6 Rc6 25. Ne5 Bxe5 26. dxe5 Qxb2 27. e6 Rg7 28. Nxd5 Rxe6 29. Nc7 1-0

[Event "Deutschland"]
[Site "?"]
[Date "1995.??.??"]
[Round "?"]
[White "Huebner, R."]
[Black "Vaganian, R."]
[Result "1-0"]
[WhiteElo "2620"]
[BlackElo "2640"]
[PlyCount "123"]
[EventDate "1995.??.??"]
[Source "ChessBase"]
[SourceDate "1995.02.01"]

1. d4 d5 2. Nf3 Bf5 3. c4 e6 4. Nc3 Nc6 5. Bf4 Nf6 6. e3 Be7 7. Be2 dxc4 8. Bxc4 Nb4 9. O-O O-O 10. Rc1 c6 11. Bg5 Nbd5 12. Qb3 Ne4 13. Bxe7 Qxe7 14. Nxe4 Bxe4 15. Nd2 Bg6 16. Rfd1 Rfd8 17. Be2 a5 18. a3 a4 19. Qc4 e5 20. Nf3 exd4 21. Rxd4 Kf8 22. Rcd1 Re8 23. Qc1 Nf6 24. Nh4 Be4 25. Bd3 c5 26. Rc4 Rad8 27. Be2 Nd7 28. f3 Qxh4 29. Rxe4 Rxe4 30. fxe4 b6 31. Qd2 Qxe4 32. Bb5 Qe5 33. Bxa4 Ke7 34. Bxd7 Qc7 35. Qc3 Rxd7 36. Rxd7+ Qxd7 37. Qxg7 Qd1+ 38. Kf2 Qd2+ 39. Kf3 Qd1+ 40. Ke4 Qa4+ 41. Kd5 Qd7+ 42. Kc4 Qa4+ 43. Kc3 Qe4 44. Qg3 Ke6 45. h3 h5 46. Qf3 Qe5+ 47. Kc2 h4 48. Qg4+ f5 49. Qc4+ Kd7 50. Qa4+ Kd6 51. Qf4 Qxf4 52. exf4 Kd5 53. Kd3 b5 54. Ke3 Kc4 55. g4 hxg3 56. h4 Kd5 57. Kf3 Ke6 58. Kxg3 Kf6 59. Kf3 Kg6 60. Ke3 Kh5 61. b3 Kg4 62. a4 1-0

[Event "Hastings"]
[Site "?"]
[Date "1992.??.??"]
[Round "?"]
[White "Bareev, E."]
[Black "Speelman, J."]
[Result "1-0"]
[WhiteElo "2670"]
[BlackElo "2590"]
[PlyCount "119"]
[EventDate "1992.??.??"]
[Source "ChessBase"]
[SourceDate "1992.10.01"]

1. d4 d5 2. Nf3 Bf5 3. c4 e6 4. Qb3 Nc6 5. c5 Rb8 6. Bf4 f6 7. e3 g5 8. Bg3 Nge7 9. Qa4 Bg7 10. b4 a6 11. Nc3 O-O 12. Be2 Bg6 13. h3 h6 14. b5 axb5 15. Nxb5 Rc8 16. O-O Be8 17. Rab1 f5 18. Qb3 f4 19. exf4 gxf4 20. Bh2 Bh5 21. Rbd1 Nf5 22. Bxf4 Nh4 23. Qe3 Bxf3 24. Bxf3 Nxf3+ 25. Qxf3 Qf6 26. g3 Rf7 27. Qg4 Kh7 28. Rfe1 Re7 29. Rd2 Bh8 30. Kg2 Rg8 31. Qh5 Rf7 32. Rde2 Qg6 33. Qxg6+ Rxg6 34. Rd1 Bg7 35. h4 h5 36. Kh3 Rgf6 37. Rdd2 Bh6 38. Bg5 Rg6 39. Bxh6 Kxh6 40. Re3 Rgf6 41. f4 Kg6 42. Ra3 Kf5 43. Re2 Rf8 44. Nxc7 Nxd4 45. Re5+ Kg6 46. Rd3 Rc8 47. Nxd5 exd5 48. Rxd4 Rxc5 49. Rg5+ Kh6 50. Rb4 b5 51. Rb3 Rd6 52. a3 Re6 53. a4 Re2 54. g4 b4 55. Rxh5+ Kg7 56. Rd3 Rcc2 57. Rhxd5 Rh2+ 58. Kg3 Rcg2+ 59. Kf3 Rf2+ 60. Ke4 1-0

[Event "Deutschland"]
[Site "GER"]
[Date "1995.??.??"]
[Round "?"]
[White "Huebner, Robert"]
[Black "Vaganian, Rafael A"]
[Result "1-0"]
[WhiteElo "2620"]
[BlackElo "2640"]
[PlyCount "45"]
[EventDate "1995.??.??"]
[Source "www.chesslib.no"]
[SourceDate "2004.05.04"]

1. d4 d5 2. Nf3 Bf5 3. c4 e6 4. Nc3 Nc6 5. Bf4 Nf6 6. e3 Be7 7. Be2 dxc4 8. Bxc4 Nb4 9. O-O O-O 10. Rc1 c6 11. Bg5 Nbd5 12. Qb3 Ne4 13. Bxe7 Qxe7 14. Nxe4 Bxe4 15. Nd2 Bg6 16. Rfd1 Rfd8 17. Be2 a5 18. Qxd5 h5 19. h4 e5 20. Nf3 exd4 21. Ra1 b5 22. a4 Re8 23. Rd3 1-0

[Event "WchT (CUB-LTU"]
[Site "WchT Luzern (CUB-LTU"]
[Date "1993.??.??"]
[Round "?"]
[White "Nogueiras, Jesus"]
[Black "Shirov, Alexei D"]
[Result "1/2-1/2"]
[WhiteElo "2570"]
[BlackElo "2670"]
[PlyCount "23"]
[EventDate "1993.??.??"]
[Source "www.chesslib.no"]
[SourceDate "2004.05.04"]

1. d4 d5 2. c4 Na6 3. cxd5 Bh3 4. Qc2 e5 5. Qc3 Qc8 6. a4 f6 7. Qb3 Bc5 8. Qc4 Bb6 9. Qxa6 Qd8 10. Bf4 Kf8 11. Nc3 c6 12. Nb5 1/2-1/2

[Event "60th ch-RUS Higher League"]
[Site "Krasnoyarsk RUS"]
[Date "2007.09.11"]
[Round "8"]
[White "Landa, K."]
[Black "Ovetchkin, R."]
[Result "1/2-1/2"]
[WhiteElo "2669"]
[BlackElo "2557"]
[PlyCount "126"]
[EventDate "2007.09.03"]
[Source "www.chesslib.no"]
[SourceDate "2004.05.04"]

1. Nf3 d5 2. d4 c5 3. c4 cxd4 4. cxd5 Nf6 5. Qxd4 Qxd5 6. Nc3 Qxd4 7. Nxd4 a6 8. g3 Bd7 9. Bg2 e5 10. Nb3 Bc6 11. e4 Bb4 12. Bd2 Nbd7 13. f3 Nc5 14. Nxc5 Bxc5 15. Ke2 Bd4 16. Be3 O-O-O 17. Rhd1 Bxe3 18. Kxe3 Rxd1 19. Rxd1 Rd8 20. Rc1 Kb8 21. Bf1 Ne8 22. Bc4 Nd6 23. Bd5 Bxd5 24. Nxd5 Rc8 25. Rxc8+ Kxc8 26. b3 Kd7 27. Kd3 Kc6 28. f4 f6 29. fxe5 fxe5 30. g4 g5 31. a3 Kc5 32. Nf6 Nf7 33. Nxh7 b5 34. Nf8 a5 35. Ne6+ Kd6 36. Ng7 Nd8 37. Nf5+ Kc5 38. h4 gxh4 39. Nxh4 Ne6 40. Nf3 Kd6 41. Kc3 Nc5 42. Nd2 Ne6 43. a4 bxa4 44. Nc4+ Ke7 45. bxa4 Nc5 46. Nxe5 Nxa4+ 47. Kd4 Nb6 48. Nc4 Nd7 49. Nxa5 Kf6 50. Nc6 Kg5 51. Ne5 Nf8 52. Ke3 Ne6 53. Kf3 Nd4+ 54. Kg3 Ne2+ 55. Kf2 Nd4 56. Ke3 Ne6 57. Kf3 Nd4+ 58. Kg3 Ne2+ 59. Kf2 Nd4 60. Nf3+ Kxg4 61. Nxd4 Kf4 62. Nc2 Kxe4 63. Na1 Kd4 1/2-1/2

[Event "Moscow-4teams"]
[Site "Moscow"]
[Date "1981.??.??"]
[Round "?"]
[White "Polugaevsky, Lev"]
[Black "Vaganian, Rafael A"]
[Result "1/2-1/2"]
[WhiteElo "2620"]
[BlackElo "2565"]
[PlyCount "85"]
[EventDate "1981.06.??"]
[Source "ChessBase"]

1. Nf3 d5 2. d4 Bf5 3. c4 e6 4. Qb3 Nc6 5. c5 Rb8 6. Bf4 Nge7 7. e3 a6 8. a3 Ng6 9. Bg3 Be7 10. Be2 O-O 11. O-O e5 12. dxe5 Bxc5 13. Nc3 Be6 14. Rad1 Nce7 15. Qc2 Ba7 16. e4 d4 17. Na4 Nc6 18. Nc5 Qe7 19. Nxe6 Qxe6 20. b4 Rfd8 21. Bc4 Qe7 22. Qb3 Ngxe5 23. Nxe5 Nxe5 24. Bxe5 Qxe5 25. Bxf7+ Kh8 26. Qd3 g5 27. g3 Rd7 28. f4 gxf4 29. Rxf4 Re7 30. Rdf1 c6 31. Bb3 Qg7 32. Rf7 Rxf7 33. Rxf7 Qh6 34. e5 Rf8 35. e6 Rxf7 36. exf7 Kg7 37. Kg2 Kf8 38. h4 Qe3 39. Qxh7 Qe2+ 40. Kh3 Qf1+ 41. Kg4 Qe2+ 42. Kg5 Qe5+ 43. Kg4 1/2-1/2

[Event "Altensteig"]
[Site "Altensteig"]
[Date "1994.??.??"]
[Round "7"]
[White "Stangl, Markus"]
[Black "Dautov, Rustem"]
[Result "1-0"]
[WhiteElo "2535"]
[BlackElo "2630"]
[PlyCount "157"]
[EventDate "1994.08.??"]
[Source "ChessBase"]

1. Nf3 d5 2. d4 Bf5 3. c4 e6 4. Nc3 Nf6 5. Bg5 c6 6. Bxf6 Qxf6 7. Qb3 Qe7 8. e3 Qc7 9. Be2 Be7 10. O-O O-O 11. a3 Nd7 12. Rfc1 Qb8 13. Qd1 a6 14. Bd3 Bxd3 15. Qxd3 f5 16. Ne2 Bd6 17. b4 Qd8 18. Rab1 g5 19. a4 g4 20. Nd2 Nf6 21. Nf4 Bxf4 22. exf4 Ne4 23. c5 Rf6 24. Nf1 Qe7 25. Qe3 Qg7 26. Rc2 h5 27. Kh1 Rg6 28. f3 gxf3 29. gxf3 Nf6 30. Qxe6+ Kh8 31. Ng3 Rg8 32. Qe3 Qd7 33. Rg1 h4 34. Ne2 Qg7 35. Qf2 Nh5 36. Rcc1 Qf6 37. Rxg6 Rxg6 38. Rg1 Rxg1+ 39. Kxg1 Kg7 40. Qe3 Qg6+ 41. Kf2 h3 42. Qe7+ Kg8 43. Ng3 Nxg3 44. hxg3 h2 45. Qd8+ Kg7 46. Qh4 Kg8 47. Qxh2 Qg7 48. Ke3 b5 49. a5 Qe7+ 50. Kd2 Qf6 51. Kd3 Qe6 52. Qe2 Qg6 53. Qe1 Kf8 54. Ke3 Qh5 55. Qg1 Qh3 56. Kf2 Kf7 57. Qg2 Qh8 58. Ke3 Qe8+ 59. Kd2 Qh8 60. Kd3 Qh6 61. Qg1 Qh3 62. Ke3 Kf6 63. Kf2 Kf7 64. g4 fxg4 65. Qxg4 Qh2+ 66. Ke3 Qh1 67. f5 Qc1+ 68. Kf2 Qd1 69. Qf4 Kf6 70. Qe5+ Kf7 71. f6 Kg6 72. Qe8+ Kf5 73. Qd7+ Kg6 74. Qg7+ Kf5 75. Qd7+ Kg6 76. Qe8+ Kf5 77. f7 Qd2+ 78. Kf1 Qd1+ 79. Qe1 1-0

[Event "Valle d'Aosta op 8th"]
[Site "Saint Vincent"]
[Date "2000.02.17"]
[Round "6"]
[White "Romanishin, Oleg M"]
[Black "Miladinovic, Igor"]
[Result "1-0"]
[WhiteElo "2578"]
[BlackElo "2538"]
[PlyCount "127"]
[EventDate "2000.02.12"]
[Source "ChessBase"]
[SourceDate "2000.03.10"]

1. Nf3 d5 2. d4 Bf5 3. c4 e6 4. Qb3 Nc6 5. c5 Rb8 6. Bf4 f6 7. e3 Nge7 8. Nbd2 g5 9. Bg3 h5 10. h3 Qd7 11. Rc1 a6 12. Qc3 Bg6 13. h4 g4 14. Ng1 e5 15. Nb3 Qe6 16. Bd3 Bxd3 17. Qxd3 Qf5 18. Rd1 Nb4 19. Qxf5 Nxf5 20. Ne2 b6 21. a3 Nc6 22. dxe5 bxc5 23. Nbc1 Nxg3 24. Nxg3 Nxe5 25. Rxd5 Rxb2 26. O-O c6 27. Rdd1 c4 28. Nce2 a5 29. a4 Bb4 30. Nf4 c3 31. Nd3 Nxd3 32. Rxd3 Rd2 33. Rxd2 cxd2 34. Rd1 c5 35. Ne4 Ke7 36. Kf1 c4 37. Nxd2 c3 38. Nb3 Rc8 39. Nd4 Rc4 40. Ke2 Ba3 41. Kd3 Rc5 42. Kc2 Bb4 43. Ne2 Rf5 44. Nf4 Bd6 45. Rd5 Rxd5 46. Nxd5+ Ke6 47. Nxc3 Ke5 48. Kd3 Bb4 49. f3 gxf3 50. gxf3 Kf5 51. Ne2 Kg6 52. Nf4+ Kh6 53. Ke4 Be1 54. Ng2 Bc3 55. Kf5 Kg7 56. Nf4 Kh6 57. e4 Be1 58. Ng2 Bc3 59. f4 Kg7 60. Ke6 Bd2 61. f5 Bc1 62. Ne1 Bf4 63. Nf3 Bg3 64. e5 1-0

[Event "Istanbul ol (Men)"]
[Site "Istanbul"]
[Date "2000.11.09"]
[Round "12"]
[White "Mikhalchishin, Adrian"]
[Black "Miladinovic, Igor"]
[Result "1/2-1/2"]
[WhiteElo "2544"]
[BlackElo "2563"]
[PlyCount "35"]
[EventDate "2000.10.??"]
[Source "www.chesslib.no"]
[SourceDate "2004.05.04"]

1. d4 d5 2. Nf3 Bf5 3. c4 e6 4. Nc3 Nc6 5. Bf4 Nf6 6. e3 Nb4 7. Rc1 dxc4 8. Bxc4 c6 9. O-O Nbd5 10. Be5 Be7 11. Bd3 Bg6 12. Qe2 O-O 13. Rfd1 Bh5 14. e4 Nxc3 15. Rxc3 a5 16. h3 Nd7 17. Bh2 Re8 18. a3 1/2-1/2

[Event "HUN-ch KO"]
[Site "Budapest"]
[Date "2000.10.07"]
[Round "6.2"]
[White "Varga, Zoltan"]
[Black "Horvath, Jozsef"]
[Result "1-0"]
[WhiteElo "2541"]
[BlackElo "2558"]
[PlyCount "51"]
[EventDate "2000.08.28"]
[Source "www.chesslib.no"]
[SourceDate "2004.05.04"]

1. d4 d5 2. Nf3 Nf6 3. c4 c5 4. cxd5 cxd4 5. Nxd4 Nxd5 6. e4 Nc7 7. Bf4 Nd7 8. Qa4 e6 9. Nc3 Bc5 10. O-O-O O-O 11. Nb3 Bxf2 12. Bd6 Re8 13. Qc4 Na6 14. e5 Nb6 15. Qg4 Nd5 16. Bb5 Ne3 17. Qf3 Nxd1 18. Rxd1 Bd7 19. Bxd7 Qxd7 20. Qxf2 b5 21. Kb1 Rac8 22. Ne4 Nb4 23. Nbc5 Qc6 24. Ng5 Rc7 25. Bxc7 Qxc7 26. Rd7 1-0

[Event "AUT-chT 9495"]
[Site "Austria"]
[Date "1995.??.??"]
[Round "?"]
[White "Horvath, Csaba"]
[Black "Hertneck, Gerald"]
[Result "1/2-1/2"]
[WhiteElo "2500"]
[BlackElo "2595"]
[PlyCount "69"]
[EventDate "1994.??.??"]
[Source "ChessBase"]

1. Nf3 d5 2. d4 Bf5 3. c4 e6 4. Qb3 Nc6 5. Bd2 Rb8 6. e3 Nf6 7. Be2 Be7 8. O-O O-O 9. Rd1 a6 10. Na3 Na7 11. Rac1 c6 12. Nc2 Nd7 13. Ne5 Nxe5 14. dxe5 dxc4 15. Qxc4 b5 16. Qc3 c5 17. Qa3 Qc8 18. Nd4 Nc6 19. Nxc6 Qxc6 20. Bf3 Be4 21. Bxe4 Qxe4 22. Qxa6 Ra8 23. Qxb5 Rfb8 24. Qd7 Rb7 25. f3 Rxd7 26. fxe4 Rxa2 27. Bc3 Rxd1+ 28. Rxd1 h5 29. Kf2 Ra4 30. Kf3 Kf8 31. Rd7 Ke8 32. Rb7 g6 33. Rb8+ Kd7 34. Rb7+ Ke8 35. Rb8+ 1/2-1/2

[Event "St Heliers op"]
[Site "St Heliers"]
[Date "1997.??.??"]
[Round "7"]
[White "Lalic, Bogdan"]
[Black "Ward, Christopher"]
[Result "1/2-1/2"]
[WhiteElo "2585"]
[BlackElo "2490"]
[PlyCount "57"]
[EventDate "1997.??.??"]
[Source "www.chesslib.no"]
[SourceDate "2004.05.04"]

1. Nf3 d5 2. d4 Bf5 3. c4 e6 4. Qb3 Nc6 5. Bd2 Qd7 6. e3 O-O-O 7. cxd5 exd5 8. Bb5 f6 9. O-O a6 10. Be2 Bd6 11. Rc1 Bxb1 12. Raxb1 Nge7 13. Qd1 Na7 14. b4 b5 15. a4 Kb7 16. Ne1 c6 17. Nd3 Nec8 18. Nc5+ Bxc5 19. bxc5 Qe6 20. Ra1 Rd7 21. Ra2 f5 22. Rca1 Rf8 23. axb5 axb5 24. Ra6 Kb8 25. Qb1 Rb7 26. Qa2 Rff7 27. Bd3 g5 28. f3 h5 29. e4 1/2-1/2

[Event "otb"]
[Site "otb"]
[Date "2007.03.07"]
[Round "4"]
[White "Arsovic Zoran"]
[Black "Miladinovic Igor"]
[Result "1/2-1/2"]
[WhiteElo "2457"]
[BlackElo "2607"]
[PlyCount "39"]
[Source "www.chesslib.no"]
[SourceDate "2004.05.04"]

1. Nf3 d5 2. d4 Bf5 3. c4 e6 4. Nc3 Nc6 5. cxd5 exd5 6. Bf4 Bb4 7. Rc1 Nge7 8. e3 Bd6 9. Bg3 O-O 10. Be2 a6 11. O-O Bxg3 12. hxg3 Qd6 13. Na4 Rae8 14. Nc5 Nd8 15. b4 Bc8 16. a4 Nf5 17. Rc3 Re7 18. b5 axb5 19. axb5 g6 20. Qc2 1/2-1/2

[Event "Hamburg"]
[Site "?"]
[Date "2005.10.06"]
[Round "6.7"]
[White "Ftacnik Lubomir"]
[Black "Wippermann Till"]
[Result "1-0"]
[WhiteElo "2612"]
[BlackElo "2446"]
[PlyCount "65"]
[EventDate "2005.??.??"]
[Source "www.chesslib.no"]
[SourceDate "2004.05.04"]

1. d4 Nf6 2. Nf3 d5 3. c4 c5 4. cxd5 cxd4 5. Qxd4 Qxd5 6. Nc3 Qxd4 7. Nxd4 a6 8. Bf4 Nbd7 9. Bg3 e5 10. Nf3 Bd6 11. O-O-O Bb8 12. Nd2 b5 13. e4 Bb7 14. f3 Ba7 15. Nb3 Bb6 16. Kb1 Bc6 17. Nd5 Nxd5 18. exd5 Bb7 19. d6 O-O 20. Bh4 f6 21. Bd3 g6 22. Rhe1 Kg7 23. Re2 Rac8 24. Be1 Ba8 25. Bc2 Rfd8 26. Bb4 Nc5 27. Nxc5 Bxc5 28. d7 Rc6 29. Be4 Rc7 30. Rc2 Bb6 31. Rxc7 Bxc7 32. Bxa8 Rxa8 33. Rc1 1-0

[Event "open"]
[Site "Gent"]
[Date "2004.07.19"]
[Round "5.1"]
[White "Shchekachev, Andrei"]
[Black "Conquest, Stuart"]
[Result "1-0"]
[WhiteElo "2555"]
[BlackElo "2488"]
[PlyCount "85"]
[EventDate "2004.07.17"]
[Source "Roberto Alvarez"]
[SourceDate "2003.08.04"]

1. Nf3 d5 2. d4 Bf5 3. c4 e6 4. Nc3 Nc6 5. cxd5 exd5 6. Bf4 Nf6 7. e3 a6 8. Be2 Ne4 9. Nxe4 Bxe4 10. O-O Bd6 11. Bxd6 Qxd6 12. Nd2 Bf5 13. Rc1 O-O 14. Nb3 b6 15. Nd2 Ne7 16. Re1 a5 17. a3 Rac8 18. Qa4 Bd7 19. Bb5 Bxb5 20. Qxb5 Rfd8 21. Nf3 f6 22. h3 Qd7 23. Qa6 Rb8 24. Rc3 c6 25. Rec1 Rdc8 26. Qe2 Ra8 27. Ne1 Rc7 28. Nd3 Kh8 29. Qc2 Qd6 30. Qa4 Raa7 31. Qb3 Rcb7 32. Qd1 Rc7 33. Qg4 Qd7 34. b4 Qxg4 35. hxg4 Rcb7 36. b5 cxb5 37. Rc8+ Ng8 38. Nf4 b4 39. axb4 axb4 40. Nxd5 b3 41. Rb1 Ra5 42. Nc3 h5 43. gxh5 1-0

[Event "Hyeres Open"]
[Site "Hyeres FRA"]
[Date "1992.??.??"]
[Round "?"]
[White "Komarov, Dimitri"]
[Black "Vaisser, Anatoli V"]
[Result "1/2-1/2"]
[WhiteElo "2455"]
[BlackElo "2580"]
[PlyCount "74"]
[EventDate "1992.07.??"]
[Source "www.chesslib.no"]
[SourceDate "2004.05.04"]

1. Nf3 d5 2. d4 Bf5 3. c4 e6 4. Qb3 Nc6 5. cxd5 exd5 6. Nc3 Nb4 7. e4 dxe4 8. Ne5 Be6 9. Bc4 Bxc4 10. Qxc4 Qe7 11. O-O f6 12. a3 fxe5 13. axb4 Nf6 14. dxe5 Qxe5 15. Ra5 c5 16. bxc5 Be7 17. Qa4+ Kf8 18. c6 Qc7 19. cxb7 Qxb7 20. Re1 a6 21. Nxe4 Qb4 22. Bd2 Qxa4 23. Rxa4 Nxe4 24. Raxe4 Bf6 25. Bc3 Kf7 26. Bxf6 gxf6 27. Re7+ Kg6 28. Rb7 Rhb8 29. Ree7 Rxb7 30. Rxb7 a5 31. Rb5 h5 32. f4 a4 33. h4 a3 34. f5+ Kh6 35. bxa3 Rxa3 36. Rb6 Kg7 37. Rb7+ Kh6 1/2-1/2

[Event "Soviet Union"]
[Site "Soviet Union"]
[Date "1974.??.??"]
[Round "?"]
[White "Savon, Vladimir A"]
[Black "Karasev, Vladimir I"]
[Result "0-1"]
[WhiteElo "2575"]
[BlackElo "2460"]
[PlyCount "140"]
[EventDate "1974.??.??"]
[Source "www.chesslib.no"]
[SourceDate "2004.05.04"]

1. c4 c5 2. Nf3 Nf6 3. d4 cxd4 4. Nxd4 d5 5. cxd5 Nxd5 6. e4 Nb4 7. Nb5 Qxd1+ 8. Kxd1 N8a6 9. a3 Nc6 10. N1c3 Bg4+ 11. f3 O-O-O+ 12. Kc2 Bd7 13. Be3 Kb8 14. Bc4 e6 15. Rhd1 Nc7 16. Rd2 Nxb5 17. Bxb5 Be7 18. Bf4+ Kc8 19. Rad1 Be8 20. Be3 Rxd2+ 21. Rxd2 a6 22. Be2 Nb8 23. b4 Bc6 24. Kb3 Rd8 25. Rc2 b5 26. a4 bxa4+ 27. Nxa4 Kb7 28. Nc5+ Bxc5 29. Rxc5 f6 30. g4 e5 31. g5 Rd6 32. Kc3 Ba4 33. Ra5 Bd1 34. Bc5 Rd7 35. Bc4 Bxf3 36. b5 axb5 37. Bd5+ Rxd5 38. exd5 Bxd5 39. Ra7+ Kc6 40. Bf8 Nd7 41. Bxg7 fxg5 42. Bh6 g4 43. Ra6+ Kc7 44. Be3 Bc6 45. Kb4 Kd6 46. Ra1 Nf6 47. Bc5+ Ke6 48. Bg1 h5 49. Bf2 Ne4 50. Bh4 Nd2 51. Bd8 Nf3 52. Kc5 Be8 53. Ra6+ Kf5 54. Rf6+ Ke4 55. Rf8 Bd7 56. Rh8 Nxh2 57. Rxh5 g3 58. Rg5 Ng4 59. Bb6 g2 60. Kb4 Kf3 61. Rg7 Bc6 62. Rc7 Ne3 63. Rf7+ Ke2 64. Rg7 Nc2+ 65. Kc5 Nd4 66. Rg8 Bf3 67. Kd6 Nc6 68. Ra8 b4 69. Ra1 Kd3 70. Kc7 b3 0-1

[Event "Paris"]
[Site "Paris FRA"]
[Date "1986.??.??"]
[Round "?"]
[White "Renet, Olivier"]
[Black "Dlugy, Maxim"]
[Result "1/2-1/2"]
[WhiteElo "2480"]
[BlackElo "2545"]
[PlyCount "46"]
[EventDate "1986.12.??"]
[Source "www.chesslib.no"]
[SourceDate "2004.05.04"]

1. d4 d5 2. Nf3 c5 3. c4 cxd4 4. cxd5 Nf6 5. Nxd4 Nxd5 6. e4 Nb4 7. Qa4+ N8c6 8. Nxc6 Nxc6 9. Nc3 e6 10. Be3 Be7 11. Be2 O-O 12. O-O Bd7 13. Rfd1 a6 14. Rd2 Qc7 15. Qd1 Rfd8 16. Qf1 Be8 17. Rad1 Bf6 18. f4 Rxd2 19. Rxd2 Rd8 20. Qd1 Bd4 21. Bxd4 Nxd4 22. Kh1 Qc5 23. Bg4 Qb6 1/2-1/2

[Event "Budapest HUN"]
[Site "?"]
[Date "1998.??.??"]
[Round "13"]
[White "Glek Igor V"]
[Black "Csom Istvan"]
[Result "1/2-1/2"]
[WhiteElo "2565"]
[BlackElo "2460"]
[PlyCount "23"]
[EventDate "1998.??.??"]
[Source "www.chesslib.no"]
[SourceDate "2004.05.04"]

1. d4 Nf6 2. c4 d5 3. Nc3 Bf5 4. e4 dxc4 5. Be2 Bg6 6. Nf3 Nd5 7. O-O Qc8 8. Re1 e5 9. Bg5 Ne7 10. Qb3 Ng8 11. Qa4+ c6 12. Nb1 1/2-1/2

[Event "Elista ol (Men)"]
[Site "Elista"]
[Date "1998.09.30"]
[Round "2"]
[White "Illescas Cordoba, Miguel"]
[Black "Salmensuu, Olli"]
[Result "1/2-1/2"]
[WhiteElo "2605"]
[BlackElo "2420"]
[PlyCount "117"]
[EventDate "1998.09.29"]
[Source "ChessBase"]
[SourceDate "1998.11.06"]

1. d4 Nf6 2. Nf3 d5 3. c4 c5 4. cxd5 cxd4 5. Nxd4 Nxd5 6. e4 Nb4 7. Qa4+ N8c6 8. Nxc6 Nxc6 9. Nc3 e6 10. Be3 Bb4 11. Bb5 Bd7 12. O-O Qa5 13. Rac1 a6 14. Qxa5 Bxa5 15. Be2 O-O-O 16. Na4 Kb8 17. Nc5 Be8 18. Rfd1 e5 19. Bc4 Nd4 20. Bxd4 Rxd4 21. Bd5 Bd2 22. Rb1 Bb4 23. Rxd4 exd4 24. Nb3 d3 25. Rd1 Bb5 26. a3 Bd6 27. Nd4 Rc8 28. g3 Bc4 29. Bxc4 Rxc4 30. Nf5 Be5 31. Rxd3 Bxb2 32. Rb3 Bf6 33. Nd6 Rc7 34. Kg2 Be5 35. Nf5 g6 36. Ne3 Rc3 37. Rxc3 Bxc3 38. Nd5 Bd4 39. a4 a5 40. f4 b5 41. axb5 a4 42. Kf3 a3 43. Nb4 Kb7 44. e5 Kb6 45. Ke4 Kxb5 46. Nc2 Bb2 47. e6 fxe6 48. Nxa3+ Bxa3 49. Ke5 Kc4 50. Kxe6 Kd4 51. Kf6 Ke4 52. Kg7 Kf5 53. Kxh7 Kf6 54. h4 Bc1 55. Kh6 Ba3 56. g4 Bd6 57. f5 Bf4+ 58. Kh7 gxf5 59. gxf5 1/2-1/2

[Event "22nd GP Open A"]
[Site "Le Touquet FRA"]
[Date "2007.10.31"]
[Round "6"]
[White "Feller, S."]
[Black "Starostits, I."]
[Result "1-0"]
[WhiteElo "2513"]
[BlackElo "2511"]
[PlyCount "41"]
[EventDate "2007.10.27"]
[Source "www.chesslib.no"]
[SourceDate "2004.05.04"]

1. d4 d5 2. Nf3 Bf5 3. c4 e6 4. cxd5 exd5 5. Qb3 b6 6. Nc3 Nf6 7. Bg5 c6 8. e4 dxe4 9. Ne5 Be6 10. Bc4 Qe7 11. d5 cxd5 12. Nxd5 Bxd5 13. Bxd5 Qb4+ 14. Ke2 Nxd5 15. Qxd5 Qxb2+ 16. Bd2 Bc5 17. Rab1 Qd4 18. Qxf7+ Kd8 19. Rhd1 Kc8 20. Qf5+ Nd7 21. Bc3 1-0

[Event "Athens Acropolis"]
[Site "Athens"]
[Date "2003.09.02"]
[Round "9"]
[White "Banikas, Hristos"]
[Black "Mastrovasilis, Dimitrios"]
[Result "1/2-1/2"]
[WhiteElo "2530"]
[BlackElo "2493"]
[PlyCount "21"]
[EventDate "2003.08.25"]
[Source "ChessBase"]
[SourceDate "2003.11.11"]

1. d4 Nf6 2. c4 d5 3. cxd5 Nxd5 4. e4 Nf6 5. e5 Nd5 6. Bc4 Nc6 7. Nf3 Nb6 8. Bb3 Bg4 9. Ng5 Bxd1 10. Bxf7+ Kd7 11. Be6+ 1/2-1/2

[Event "Moscow"]
[Site "Moscow"]
[Date "1982.??.??"]
[Round "?"]
[White "Anikaev, Yuri N"]
[Black "Vaganian, Rafael A"]
[Result "0-1"]
[WhiteElo "2465"]
[BlackElo "2550"]
[PlyCount "58"]
[EventDate "1982.05.??"]
[Source "ChessBase"]

1. Nf3 d5 2. d4 Bf5 3. c4 e6 4. Qb3 Nc6 5. c5 Rb8 6. Bf4 Nge7 7. e3 a6 8. Qa4 Ng6 9. Bg3 Be7 10. Nbd2 O-O 11. Rc1 Bf6 12. Be2 e5 13. Nb3 e4 14. Nfd2 Bd7 15. Qa3 Bg5 16. Na5 f5 17. Nxc6 Bxc6 18. O-O f4 19. exf4 Nxf4 20. Bxf4 Bxf4 21. Rcd1 Qg5 22. Qc3 Bd7 23. Nb3 Rf6 24. Na1 e3 25. fxe3 Bh3 26. Bf3 Bxe3+ 27. Kh1 Rxf3 28. gxf3 Qf4 29. Qd3 Rf8 0-1

[Event "Salou-A"]
[Site "Salou"]
[Date "2000.??.??"]
[Round "6"]
[White "Pogorelov, Ruslan"]
[Black "Miladinovic, Igor"]
[Result "0-1"]
[WhiteElo "2445"]
[BlackElo "2563"]
[PlyCount "78"]
[EventDate "2000.10.16"]
[Source "ChessBase"]
[SourceDate "2001.01.25"]

1. Nf3 d5 2. d4 Bf5 3. c4 e6 4. Nc3 Nc6 5. cxd5 exd5 6. Bf4 Nf6 7. e3 Ne4 8. Nxe4 dxe4 9. Nd2 Nb4 10. Bc4 Bd6 11. Bxd6 Qxd6 12. Qb3 O-O 13. O-O a5 14. a3 Nc6 15. Rfc1 a4 16. Qc2 Qg6 17. Nf1 h5 18. Ng3 h4 19. Nxf5 Qxf5 20. Qe2 Ra5 21. Rc3 Qg6 22. Ba2 Rg5 23. f4 exf3 24. Qxf3 Kh8 25. Bd5 Nd8 26. Rf1 c6 27. Be4 Qh6 28. Bc2 Ne6 29. Bxa4 Rg6 30. Bc2 f5 31. Kh1 Rgf6 32. Qd1 h3 33. gxh3 Ng5 34. Qe2 Nxh3 35. Rf3 Ng5 36. Rf4 Nh3 37. Rf3 Rg6 38. Rf1 Qg5 39. Qe1 Qg2# 0-1

[Event "ECC"]
[Site "Rethymnon"]
[Date "2003.10.04"]
[Round "7"]
[White "Ftacnik, Lubomir"]
[Black "Salmensuu, Olli"]
[Result "1/2-1/2"]
[WhiteElo "2598"]
[BlackElo "2410"]
[PlyCount "63"]
[EventDate "2003.09.28"]
[Source "Roberto Alvarez"]
[SourceDate "2003.10.06"]

1. d4 Nf6 2. Nf3 d5 3. c4 c5 4. cxd5 cxd4 5. Qxd4 Qxd5 6. Nc3 Qxd4 7. Nxd4 a6 8. Bg5 e6 9. g3 Bc5 10. Nb3 Bb4 11. Bg2 Nc6 12. O-O Bxc3 13. bxc3 h6 14. Bxf6 gxf6 15. Rab1 Kd7 16. Rfd1+ Kc7 17. c4 Rb8 18. Nc5 Ne5 19. Ne4 Nxc4 20. Rdc1 b5 21. Nd2 Bb7 22. Nxc4 Bxg2 23. Ne5+ Kb7 24. Nxf7 Bd5 25. e4 Bc6 26. Nxh8 Rxh8 27. f3 a5 28. Kf2 Kb6 29. Ke3 Rc8 30. Rb2 b4 31. a3 Kb5 32. axb4 1/2-1/2

[Event "Pardubice"]
[Site "?"]
[Date "2006.07.25"]
[Round "5.17"]
[White "Votava Jan"]
[Black "Szoen Dariusz"]
[Result "1/2-1/2"]
[WhiteElo "2555"]
[BlackElo "2452"]
[PlyCount "53"]
[EventDate "2006.??.??"]
[Source "www.chesslib.no"]
[SourceDate "2004.05.04"]

1. d4 d5 2. Nf3 Bf5 3. c4 e6 4. Qb3 Nc6 5. Bd2 dxc4 6. Qxc4 Nf6 7. e3 Bd6 8. Be2 O-O 9. O-O e5 10. dxe5 Nxe5 11. Nxe5 Bxe5 12. Bc3 Qe7 13. Bxe5 Qxe5 14. Nc3 c6 15. Rad1 Rad8 16. Qb3 Qc7 17. h3 h6 18. Qb4 Qb6 19. Qxb6 axb6 20. Rxd8 Rxd8 21. Rd1 Ra8 22. f3 b5 23. b3 Kf8 24. Kf2 Ke7 25. e4 Be6 26. Ke3 Nd7 27. h4 1/2-1/2

[Event "URS-FL"]
[Site "Sverdlovsk"]
[Date "1984.??.??"]
[Round "?"]
[White "Gavrikov, Viktor"]
[Black "Vaisser, Anatoli"]
[Result "1/2-1/2"]
[WhiteElo "2505"]
[BlackElo "2495"]
[PlyCount "27"]
[EventDate "1984.11.??"]
[Source "ChessBase"]

1. Nf3 d5 2. d4 Bf5 3. c4 e6 4. Bg5 f6 5. Bf4 g5 6. Bg3 c6 7. Nc3 h5 8. h4 Qb6 9. Qb3 g4 10. Nd2 Na6 11. c5 Qxb3 12. axb3 Rh7 13. e3 Nc7 14. Ra4 1/2-1/2